[Event "Reykjavik op"]
[Site "Reykjavik"]
[Date "2023.03.30"]
[Round "3"]
[White "Bajoghli, Navid"]
[Black "Cuvelier, Annelies"]
[Result "1/2-1/2"]
[WhiteElo "1598"]
[BlackElo "1875"]
[PlyCount "81"]
[EventDate "2023.03.29"]
[EventType "swiss"]
[EventRounds "9"]
[EventCountry "ISL"]
[SourceTitle "CBM 213 Extra"]
[Source "ChessBase"]
[SourceDate "2023.05.31"]
[SourceVersion "1"]
[SourceVersionDate "2023.05.31"]
[SourceQuality "1"]

1. d4 d5 2. c4 e6 3. Nc3 Nf6 4. cxd5 exd5 5. Bg5 Nbd7 6. e3 c6 7. Bd3 Be7 8. Nge2 h6 9. Bh4 0-0 10. 0-0 Ne4 11. Bxe7 Qxe7 12. Bxe4 dxe4 13. Qc2 Nf6 14. Ng3 Re8 15. Na4 Nd5 16. a3 f5 17. Ne2 Be6 18. Rab1 Rec8 19. b4 g5 20. Rfc1 Kg7 21. Qb2 Kg6 22. b5 cxb5 23. Qxb5 b6 24. Qb2 h5 25. Nac3 Nxc3 26. Nxc3 Bc4 27. a4 Bd3 28. Ra1 Rc4 29. Nd5 Qd6 30. Rxc4 Bxc4 31. Nc3 Qd7 32. Rc1 Rc8 33. Nb5 a6 34. Na3 Qxa4 35. Nxc4 Rxc4 36. Qxb6+ Kf7 37. Qb7+ Ke6 38. Qb6+ Kd7 39. Qb7+ Kd6 40. Qb6+ Kd7 41. Qb7+ 1/2-1/2

[Event "Online Olym Div2 A"]
[Site "Chess.com INT"]
[Date "2020.08.14"]
[Round "1.3"]
[White "Cuvelier, Annelies"]
[Black "Zhang, Jilin"]
[Result "0-1"]
[WhiteElo "1890"]
[BlackElo "2245"]
[PlyCount "106"]
[EventDate "2020.08.14"]
[EventType "team-tourn (rapid)"]
[EventRounds "9"]
[EventCountry "USA"]
[SourceTitle "CBM 198"]
[Source "ChessBase"]
[SourceDate "2020.10.31"]
[SourceVersion "1"]
[SourceVersionDate "2020.10.31"]
[SourceQuality "1"]
[WhiteTeam "Belgium"]
[BlackTeam "Australia"]
[WhiteTeamCountry "BEL"]
[BlackTeamCountry "AUS"]

1. e4 c5 2. Nf3 e6 3. d4 cxd4 4. Nxd4 a6 5. Nc3 d6 6. Be2 Nf6 7. 0-0 Be7 8. Be3 0-0 9. f4 Qc7 10. Bf3 Nc6 11. Nxc6 bxc6 12. g4 d5 13. g5 Nd7 14. e5 Rb8 15. b3 c5 16. Ne2 d4 17. Bf2 Bb7 18. Ng3 Rfd8 19. h4 Nf8 20. h5 f5 21. gxf6 gxf6 22. Bxb7 Rxb7 23. Qg4+ Kh8 24. Rae1 f5 25. Qf3 Qd7 26. Kh2 Qd5 27. Qxd5 Rxd5 28. Rg1 Bd8 29. Re2 Rdd7 30. h6 Ng6 31. Nh5 Be7 32. Kh3 Bf8 33. Bh4 Bxh6 34. Bf6+ Kg8 35. Reg2 Kf7 36. a4 d3 37. cxd3 Rxb3 38. Rg3 Rdxd3 39. Rxd3 Rxd3+ 40. Rg3 Rxg3+ 41. Kxg3 c4 42. Kf3 c3 43. Ke2 Nxf4+ 44. Nxf4 Bxf4 45. Kd3 Bd2 46. Bh4 h5 47. Bg3 f4 48. Bf2 Kg6 49. Kc2 Kf5 50. Bd4 f3 51. Bf2 Kxe5 52. Kd3 Kf5 53. Kc2 e5 0-1

[Event "Online Olym Div3 C"]
[Site "Chess.com INT"]
[Date "2020.08.09"]
[Round "9.2"]
[White "Abdulzahra, Sali Abbas"]
[Black "Cuvelier, Annelies"]
[Result "1/2-1/2"]
[WhiteElo "1911"]
[BlackElo "1896"]
[PlyCount "124"]
[EventDate "2020.08.07"]
[EventType "team-tourn (rapid)"]
[EventRounds "9"]
[EventCountry "USA"]
[SourceTitle "CBM 198"]
[Source "ChessBase"]
[SourceDate "2020.10.31"]
[SourceVersion "1"]
[SourceVersionDate "2020.10.31"]
[SourceQuality "1"]
[WhiteTeam "Iraq"]
[BlackTeam "Belgium"]
[WhiteTeamCountry "IRQ"]
[BlackTeamCountry "BEL"]

1. e4 e5 2. Bc4 Nc6 3. Nf3 Bc5 4. 0-0 Nf6 5. d3 d6 6. h3 Be6 7. Bb3 Qe7 8. c3 Bxb3 9. axb3 0-0 10. Bg5 h6 11. Bh4 Bb6 12. Nh2 Qe6 13. Nd2 Ne7 14. Kh1 Ng6 15. Bg3 Nf4 16. Bxf4 exf4 17. Qf3 g5 18. Nc4 Kg7 19. Rfe1 Nd7 20. d4 Rfe8 21. Qd1 Qg6 22. Nxb6 Nxb6 23. e5 dxe5 24. Rxe5 a6 25. Qe2 Rxe5 26. Qxe5+ Qf6 27. Qxc7 Qc6 28. Qxc6 bxc6 29. Ng4 a5 30. Ne5 a4 31. bxa4 Rxa4 32. Rxa4 Nxa4 33. Nxc6 Nxb2 34. Nb4 Kf6 35. Kg1 Ke6 36. Kf1 f5 37. Ke2 g4 38. Nd3 f3+ 39. gxf3 Nxd3 40. fxg4 Nf4+ 41. Ke3 Nd5+ 42. Kd3 Nf4+ 43. Kc4 Nxh3 44. d5+ Kf6 45. gxf5 Ng5 46. Kd4 Kxf5 47. c4 h5 48. d6 h4 49. d7 h3 50. Ke3 Nf7 51. Kf3 Ne5+ 52. Kg3 Nxd7 53. Kxh3 Kf4 54. Kg2 Nc5 55. Kf1 Kf3 56. Kg1 Nd3 57. Kf1 Nxf2 58. c5 Ne4 59. c6 Nd6 60. Ke1 Ke4 61. Kd2 Kd5 62. Kc3 Kxc6 1/2-1/2

[Event "Ghent Eastman op 42nd"]
[Site "Ghent"]
[Date "2019.07.20"]
[Round "1"]
[White "Huhndorf, Arnold"]
[Black "Cuvelier, Annelies"]
[Result "1/2-1/2"]
[WhiteElo "2256"]
[BlackElo "1808"]
[PlyCount "118"]
[EventDate "2019.07.20"]
[EventType "swiss"]
[EventRounds "9"]
[EventCountry "BEL"]
[SourceTitle "CBM 191 Extra"]
[Source "ChessBase"]
[SourceDate "2019.09.30"]
[SourceVersion "1"]
[SourceVersionDate "2019.09.30"]
[SourceQuality "1"]

1. d4 d5 2. c4 e6 3. Nf3 Nf6 4. g3 c6 5. Bg2 Nbd7 6. 0-0 Bd6 7. Nc3 0-0 8. Nd2 Re8 9. e4 dxe4 10. Ndxe4 Nxe4 11. Nxe4 Bc7 12. Bg5 f6 13. Be3 Nb6 14. Qb3 Qe7 15. Nc3 a5 16. c5 Nd5 17. Rfe1 Qf7 18. f4 Rb8 19. Bf2 Bd7 20. Qc4 Rbd8 21. a3 h6 22. h4 Qg6 23. Kh1 Kf8 24. Be4 Qg4 25. Bg2 g5 26. hxg5 hxg5 27. fxg5 f5 28. Qd3 Re7 29. Nxd5 Rh7+ 30. Kg1 cxd5 31. b4 Qxg5 32. b5 Bc8 33. b6 Bb8 34. Re3 Kf7 35. Rf3 Rdh8 36. Be3 Qh5 37. Kf2 Qg6 38. Bf4 Bxf4 39. Rxf4 Bd7 40. Rg1 Rg7 41. Rh1 Rxh1 42. Bxh1 Bb5 43. Qe3 Rh7 44. Bg2 Rg7 45. Rh4 Rh7 46. Rxh7+ Qxh7 47. Qe5 Qh6 48. Qf4 Qh5 49. Kg1 Qd1+ 50. Kh2 Bc6 51. g4 Qxg4 52. Qxg4 fxg4 53. Kg3 Kf6 54. Kf4 a4 55. Bf1 g3 56. Bh3 Bb5 57. Bg2 Bc6 58. Bf1 Bd7 59. Bg2 Bc6 1/2-1/2

[Event "Olympiad Women-43"]
[Site "Batumi"]
[Date "2018.09.25"]
[Round "2.4"]
[White "Cuvelier, Annelies"]
[Black "Fataliyeva, Ulviyya Hasil Qizi"]
[Result "0-1"]
[WhiteElo "1809"]
[BlackElo "2320"]
[PlyCount "72"]
[EventDate "2018.09.24"]
[EventType "team-swiss"]
[EventRounds "11"]
[EventCountry "GEO"]
[SourceTitle "EXT 2020"]
[Source "ChessBase"]
[SourceDate "2019.10.17"]
[SourceVersion "1"]
[SourceVersionDate "2019.10.17"]
[SourceQuality "1"]
[WhiteTeam "Belgium (W)"]
[BlackTeam "Azerbaijan (W)"]
[WhiteTeamCountry "BEL"]
[BlackTeamCountry "AZE"]

1. e4 e6 2. d4 d5 3. exd5 exd5 4. Bd3 c5 5. Nf3 Nf6 6. c3 Bd6 7. dxc5 Bxc5 8. 0-0 0-0 9. Nbd2 Re8 10. Nb3 Bb6 11. h3 Nc6 12. Bf4 Ne4 13. Nbd4 Qf6 14. Be3 Bc7 15. Re1 a6 16. Qc1 Bd7 17. Nxc6 bxc6 18. Bg5 Qg6 19. Bxe4 dxe4 20. Nh4 Qd6 21. Rd1 Qh2+ 22. Kf1 Bxh3 23. gxh3 Qxh3+ 24. Ke1 e3 25. Bxe3 Qxh4 26. b3 f5 27. Kd2 f4 28. Bd4 f3 29. Kc2 Re2+ 30. Rd2 Bf4 31. Be3 Bxe3 32. fxe3 Rd8 33. Rxe2 fxe2 34. Qg1 Qe4+ 35. Kb2 Rd2+ 36. Ka3 Qd5 0-1

[Event "Wch U20 Girls 32nd"]
[Site "Pune"]
[Date "2014.10.19"]
[Round "13"]
[White "Cuvelier, Annelies"]
[Black "Afraoui, Solenn"]
[Result "1/2-1/2"]
[WhiteElo "1619"]
[BlackElo "1989"]
[PlyCount "61"]
[EventDate "2014.10.06"]
[EventType "swiss"]
[EventRounds "13"]
[EventCountry "IND"]
[SourceTitle "EXT 2015"]
[Source "ChessBase"]
[SourceDate "2014.11.20"]
[SourceVersion "1"]
[SourceVersionDate "2014.11.20"]
[SourceQuality "1"]

1. e4 c5 2. Nf3 d6 3. d4 cxd4 4. Nxd4 Nf6 5. Nc3 g6 6. Be3 Bg7 7. f3 0-0 8. Qd2 Nc6 9. 0-0-0 d5 10. exd5 Nxd5 11. Nxd5 Qxd5 12. Nb3 Qe5 13. c3 Qc7 14. Bd3 Rd8 15. Qc2 Be6 16. Kb1 Ne5 17. Bf4 Qb6 18. Bxe5 Bxe5 19. h4 Bg7 20. h5 Rxd3 21. Rxd3 Bf5 22. g4 Bxd3 23. Qxd3 Rd8 24. Qe2 Qd6 25. hxg6 hxg6 26. Re1 e6 27. Kc2 Qc6 28. Qe4 Qc7 29. Re3 Bh6 30. Rd3 Rxd3 31. Qxd3 1/2-1/2

[Event "Wch U20 Girls 32nd"]
[Site "Pune"]
[Date "2014.10.17"]
[Round "11"]
[White "Cuvelier, Annelies"]
[Black "Gagare, Shalmali"]
[Result "0-1"]
[WhiteElo "1619"]
[BlackElo "2088"]
[PlyCount "108"]
[EventDate "2014.10.06"]
[EventType "swiss"]
[EventRounds "13"]
[EventCountry "IND"]
[SourceTitle "EXT 2015"]
[Source "ChessBase"]
[SourceDate "2014.11.20"]
[SourceVersion "1"]
[SourceVersionDate "2014.11.20"]
[SourceQuality "1"]

1. e4 d6 2. d4 Nf6 3. Nc3 g6 4. Nf3 Bg7 5. h3 0-0 6. Be3 c6 7. Bd3 Nbd7 8. Qd2 e5 9. 0-0-0 b5 10. Bh6 exd4 11. Nxd4 Ne5 12. Bxg7 Kxg7 13. f4 Nxd3+ 14. Qxd3 b4 15. Nce2 Qa5 16. Kb1 Ba6 17. Qf3 c5 18. Nb3 Qc7 19. f5 Bxe2 20. Qxe2 Rae8 21. Nd2 d5 22. fxg6 fxg6 23. Rhf1 Nxe4 24. Nxe4 Rxf1 25. Rxf1 dxe4 26. Qe3 Qd6 27. a3 a5 28. axb4 axb4 29. Qb3 Qe6 30. Qe3 Qd5 31. g4 Ra8 32. Qb3 Qxb3 33. cxb3 Rd8 34. Kc2 Rd4 35. g5 Rd5 36. h4 h6 37. gxh6+ Kxh6 38. Rf4 Rd4 39. Rg4 e3 40. Rg5 e2 41. Re5 Rxh4 42. Rxe2 Rh3 43. Re5 Rh5 44. Re2 Rd5 45. Rh2+ Kg7 46. Rf2 g5 47. Rf3 Kg6 48. Rf2 g4 49. Rf1 Kg5 50. Rf2 g3 51. Rf1 Kg4 52. Rf8 g2 53. Rf7 Rg5 54. Rd7 g1Q 0-1

[Event "BEL-ch U20"]
[Site "Blankenberge"]
[Date "2014.04.19"]
[Round "9"]
[White "Cuvelier, Annelies"]
[Black "Vincent, Gwijde"]
[Result "0-1"]
[WhiteElo "1610"]
[BlackElo "1745"]
[PlyCount "29"]
[EventDate "2014.04.??"]
[EventType "swiss"]
[EventRounds "9"]
[EventCountry "BEL"]
[SourceTitle "EXT 2015"]
[Source "ChessBase"]
[SourceDate "2014.11.20"]
[SourceVersion "1"]
[SourceVersionDate "2014.11.20"]
[SourceQuality "1"]

1. e4 e5 2. Nf3 Nc6 3. Bc4 Be7 4. 0-0 Nf6 5. Re1 0-0 6. c3 Nxe4 7. Nxe5 Nxe5 8. Rxe4 Nxc4 9. Qe2 d5 10. Rxe7 Be6 11. Rxe6 fxe6 12. Qxe6+ Kh8 13. h3 Re8 14. Qg4 Re1+ 15. Kh2 0-1

[Event "BEL-ch U20"]
[Site "Blankenberge"]
[Date "2014.04.13"]
[Round "1"]
[White "Cuvelier, Annelies"]
[Black "Vandewiele, Emiel"]
[Result "0-1"]
[WhiteElo "1610"]
[BlackElo "1871"]
[PlyCount "48"]
[EventDate "2014.04.??"]
[EventType "swiss"]
[EventRounds "9"]
[EventCountry "BEL"]
[SourceTitle "EXT 2015"]
[Source "ChessBase"]
[SourceDate "2014.11.20"]
[SourceVersion "1"]
[SourceVersionDate "2014.11.20"]
[SourceQuality "1"]

1. e4 d6 2. d4 Nd7 3. Nf3 c5 4. d5 e5 5. c4 Ngf6 6. Nc3 Be7 7. Bd3 a6 8. a4 b6 9. 0-0 0-0 10. h3 Ne8 11. Nh2 Bg5 12. f4 Bxf4 13. Bxf4 exf4 14. Rxf4 Ne5 15. h4 g5 16. hxg5 Qxg5 17. Rf2 Qg3 18. Bf1 Kh8 19. Ra3 Rg8 20. Ne2 Qh4 21. Nf4 Nf6 22. Re3 Nfg4 23. Nxg4 Nxg4 24. Ref3 Qh2# 0-1

[Event "BEL-ch U18/20"]
[Site "Bruges"]
[Date "2012.04.11"]
[Round "6"]
[White "Rawoens, Jonas"]
[Black "Cuvelier, Annelies"]
[Result "0-1"]
[WhiteElo "1150"]
[BlackElo "1422"]
[PlyCount "100"]
[EventDate "2012.04.08"]
[EventType "swiss"]
[EventRounds "9"]
[EventCountry "BEL"]
[SourceTitle "CBM 147 Extra"]
[Source "ChessBase"]
[SourceDate "2012.04.24"]
[SourceVersion "1"]
[SourceVersionDate "2012.04.24"]
[SourceQuality "1"]

1. e4 c5 2. Nf3 d6 3. d4 cxd4 4. Nxd4 Nc6 5. Bb5 Bd7 6. 0-0 e5 7. Nf3 Nf6 8. Nc3 a6 9. Ba4 b5 10. Bb3 h6 11. a3 Bg4 12. Be3 h5 13. h3 Be6 14. Bd5 Bxd5 15. Nxd5 Rc8 16. Bg5 Be7 17. Nxe7 Qxe7 18. Re1 Qe6 19. Qd3 0-0 20. c3 Nh7 21. Be3 f6 22. a4 Qc4 23. Qd5+ Qxd5 24. exd5 Ne7 25. Red1 Nf5 26. axb5 axb5 27. Ra6 Nxe3 28. fxe3 Rfd8 29. Rb6 Rb8 30. Rxb8 Rxb8 31. Ra1 Rb6 32. Nd2 f5 33. Nf3 Kf7 34. Ra7+ Kf6 35. Kf2 Nf8 36. Nd2 Ng6 37. b3 f4 38. exf4 Nxf4 39. Rd7 Nxd5 40. Ne4+ Kg6 41. Rxd6+ Rxd6 42. Nxd6 Nxc3 43. Ke3 Kf6 44. Kd3 b4 45. Ne4+ Nxe4 46. Kxe4 Ke6 47. h4 g6 48. g3 Kd6 49. Kd3 Kd5 50. Ke3 e4 0-1

[Event "BEL-ch U18/20"]
[Site "Bruges"]
[Date "2012.04.10"]
[Round "4"]
[White "Cuvelier, Annelies"]
[Black "Schumacher, Raoul"]
[Result "0-1"]
[WhiteElo "1422"]
[BlackElo "1477"]
[PlyCount "165"]
[EventDate "2012.04.08"]
[EventType "swiss"]
[EventRounds "9"]
[EventCountry "BEL"]
[SourceTitle "CBM 147 Extra"]
[Source "ChessBase"]
[SourceDate "2012.04.24"]
[SourceVersion "1"]
[SourceVersionDate "2012.04.24"]
[SourceQuality "1"]

1. e4 d6 2. Bc4 g6 3. d4 Bg7 4. c3 e6 5. Nf3 b6 6. Bg5 Ne7 7. 0-0 Bb7 8. Bb5+ Nd7 9. Nbd2 a6 10. Ba4 0-0 11. Re1 h6 12. Bh4 Kh7 13. Bc2 Re8 14. e5 d5 15. Nf1 c5 16. h3 Qc7 17. Bg3 Rac8 18. N1h2 cxd4 19. Qxd4 Qc5 20. Rad1 Qxd4 21. Nxd4 Nc6 22. Nhf3 Na5 23. Bd3 Nc4 24. Bxc4 Rxc4 25. Rd2 Rec8 26. a3 R4c7 27. h4 Nc5 28. Bh2 Bc6 29. Nxc6 Rxc6 30. Nd4 R6c7 31. f3 Bf8 32. g4 Be7 33. Bg3 Rg8 34. Kg2 Nd7 35. Rh1 Bc5 36. g5 Bxd4 37. Rxd4 h5 38. Rhd1 Rgc8 39. Kf2 b5 40. a4 Rc4 41. a5 Nc5 42. b4 Na4 43. Rxc4 Rxc4 44. Rd3 Nxc3 45. Rxc3 Rxc3 46. Ke2 Kg8 47. Be1 Rc4 48. Kd3 Kf8 49. Ke3 Ke7 50. Kd3 Kd7 51. Ke2 Kc6 52. Kd3 d4 53. Bd2 Kd5 54. f4 Rc3+ 55. Bxc3 dxc3 56. Kxc3 Ke4 57. Kd2 Kxf4 58. Kd3 Kxe5 59. Ke3 Kd5 60. Kd3 e5 61. Ke3 Kc4 62. Ke4 Kxb4 63. Kxe5 Kxa5 64. Kf6 b4 65. Kxf7 b3 66. Kxg6 b2 67. Kxh5 b1Q 68. g6 Qf5+ 69. Kh6 Qf4+ 70. Kh5 Qf8 71. Kg5 Kb5 72. h5 Kc5 73. h6 Kd5 74. g7 Qf7 75. Kh4 Ke5 76. Kg5 a5 77. Kh4 Kf5 78. Kg3 Kg6 79. Kh4 Kxh6 80. g8Q Qxg8 81. Kh3 Kh5 82. Kh2 Kh4 83. Kh1 0-1